আইডেন্টিটি / (Record no. 75773)
[ view plain ]
| 000 -LEADER | |
|---|---|
| fixed length control field | 00899nam a22002417a 4500 |
| 001 - CONTROL NUMBER | |
| control field | 75773 |
| 003 - CONTROL NUMBER IDENTIFIER | |
| rucl marc code | BD-RjUL |
| 005 - DATE AND TIME OF LATEST TRANSACTION | |
| control field | 20211209082737.0 |
| 008 - FIXED-LENGTH DATA ELEMENTS--GENERAL INFORMATION | |
| fixed length control field | 190702s2013 bg ||||| |||| 00| 0 ben d |
| 020 ## - INTERNATIONAL STANDARD BOOK NUMBER | |
| International Standard Book Number | 9847000002205 |
| 035 ## - SYSTEM CONTROL NUMBER | |
| System control number | (BD-RjUL)75992 |
| 040 ## - CATALOGING SOURCE | |
| Original cataloging agency | BD-RjUL |
| Language of cataloging | eng |
| Transcribing agency | BD-RjUL |
| 041 ## - LANGUAGE CODE | |
| Language code of text/sound track or separate title | eng |
| 082 ## - DEWEY DECIMAL CLASSIFICATION NUMBER | |
| Edition number | 23 |
| Classification number | B 891.443 |
| Author mark and year | KUI 2013 |
| 100 ## - MAIN ENTRY--PERSONAL NAME | |
| Personal name | কুন্ডেরা, মিলান |
| 9 (RLIN) | 232157 |
| 245 ## - TITLE STATEMENT | |
| Title | আইডেন্টিটি / |
| Statement of responsibility, etc. | মূল : মিলান কুন্ডেরা ; অনুবাদ :খুররম মমতাজ |
| 264 ## - PRODUCTION, PUBLICATION, DISTRIBUTION, MANUFACTURE, AND COPYRIGHT NOTICE | |
| Place of production, publication, distribution, manufacture | ঢাকা : |
| Name of producer, publisher, distributor, manufacturer | জাতীয় সাহিত্য প্রকাশ, |
| Date of production, publication, distribution, manufacture, or copyright notice | ২০১৩ |
| 300 ## - PHYSICAL DESCRIPTION | |
| Pagination | ৭৮ পৃ. ; |
| Size | ২২ সেমি. |
| 500 ## - GENERAL NOTE | |
| General note | বাংলায় অনুবাদ |
| 650 ## - SUBJECT ADDED ENTRY--TOPICAL TERM | |
| Topical term or geographic name as entry element | Bengali fiction |
| 9 (RLIN) | 232158 |
| 700 ## - ADDED ENTRY--PERSONAL NAME | |
| Personal name | মমতাজ, খুররম |
| 942 ## - ADDED ENTRY ELEMENTS (KOHA) | |
| Source of classification or shelving scheme | Dewey Decimal Classification |
| Koha item type | Books |
| Lost status | Source of classification or shelving scheme | Damaged status | Not for loan | Permanent Location | Current Location | Shelving location | Date acquired | Source of acquisition | Cost, normal purchase price | Total Checkouts | Full call number | Date last seen | Copy number | Koha item type |
|---|---|---|---|---|---|---|---|---|---|---|---|---|---|---|
| Dewey Decimal Classification | Not For Loan | Central Library, University of Rajshahi | Central Library, University of Rajshahi | Reading Room | 21/05/2019 | Author | 125.00 | B 891.443 KUI 2013 | 02/07/2019 | C-1 | Books | |||
| Dewey Decimal Classification | Central Library, University of Rajshahi | Central Library, University of Rajshahi | 21/05/2019 | Author | 125.00 | B 891.443 KUI 2013 | 02/07/2019 | C-2 | Books |